000
00293nam a2200109Ia 4500
008
190911s9999||||xx |||||||||||||| ||und||
100
_a
Ladde,G.S.
245
0
_a
Oscillation Theory Of Differential Equations With Deviating Arguments
260
_a
USA
_b
Pearson
_c
1987
300
_a
350
942
_c
BK
999
_c
6811
_d
6811